[Event "AUTO-OPEN-778"]
[Site "http://www.queenalice.com/game.php?id=253040"]
[Date "2007.8.8"]
[Round "1"]
[White "Bodia"]
[Black "AlfilesDelRey"]
[Result "0-1"]
[WhiteElo "1472"]
[BlackElo "1749"]

1. e4 d5 2. exd5 Qxd5 3. Nc3 Qe6+ 4. Nge2 Nf6 5. d3 Nc6 6. Be3 Qf5 7. Ng3 Qe6 8.
Be2 Nd5 9. Nxd5 Qxd5 10. O-O e5 11. a3 Nd4 12. Bxd4 Qxd4 13. c3 Qf4 14. Re1 Bd6
15. Rb1 Be6 16. Bf3 O-O-O 17. Re4 Qg5 0-1

[Event "Let's Play Chess!"]
[Site "http://www.queenalice.com/game.php?id=362262"]
[Date "2008.2.28"]
[Round "-"]
[White "Bodia"]
[Black "BraulioFerreira"]
[Result "1-0"]
[WhiteElo "1318"]
[BlackElo "1751"]

1. Nf3 c5 2. g3 Nc6 3. Bg2 d5 4. O-O e5 5. d3 Nf6 6. e4 Be6 7. Re1 Bd6 8. exd5
Bxd5 9. Nc3 Be6 10. Ng5 Bg4 11. Bf3 Qd7 12. Nge4 Bxf3 13. Qxf3 Nxe4 14. Nxe4 Nd4
15. Qd1 Be7 16. f4 Qe6 17. fxe5 Qxe5 18. Bf4 Qf5 19. Nd6+ 1-0

[Event "Let's Play Chess!"]
[Site "http://www.queenalice.com/game.php?id=363324"]
[Date "2008.2.29"]
[Round "-"]
[White "Bodia"]
[Black "proudpawn"]
[Result "0-1"]
[WhiteElo "1449"]
[BlackElo "1791"]

1. Nf3 Nf6 2. g3 d5 3. Bg2 c6 4. O-O Bg4 5. d3 Nbd7 6. Nbd2 e5 7. e4 dxe4 8.
dxe4 Bc5 9. h3 Bh5 10. c3 a5 11. Qc2 O-O 12. Nc4 Qc7 13. a4 Rfe8 14. Nh4 b5 15.
axb5 cxb5 16. Ne3 Rec8 17. Bf3 b4 18. c4 Bxe3 19. Bxe3 Qxc4 20. Qxc4 Rxc4 21.
Rfc1 Rxc1+ 22. Rxc1 Bxf3 23. Nxf3 Nxe4 24. Rd1 Nef6 25. Bg5 e4 26. Nd2 Nc5 0-1

[Event "#21 Simultaneous"]
[Site "http://www.queenalice.com/game.php?id=364429"]
[Date "2008.3.2"]
[Round "-"]
[White "Bodia"]
[Black "Amadeus"]
[Result "0-1"]
[WhiteElo "1318"]
[BlackElo "2501"]

1. e4 e5 2. Nc3 d6 3. Nf3 c5 4. Bc4 Nc6 5. d3 Be7 6. Nd5 Nf6 7. Nxf6+ Bxf6 8. c3
O-O 9. O-O Qe7 10. h3 Be6 11. Bb3 Rad8 12. Be3 d5 13. exd5 Bxd5 14. Bxd5 Rxd5
15. Qc2 Rfd8 16. Rfd1 Qd6 17. Ne1 c4 18. d4 exd4 19. cxd4 Nxd4 0-1

[Event "AUTO-INT-824"]
[Site "http://www.queenalice.com/game.php?id=367957"]
[Date "2008.3.8"]
[Round "1"]
[White "alexandre35"]
[Black "Bodia"]
[Result "1/2-1/2"]
[WhiteElo "1747"]
[BlackElo "1427"]

1. e4 c6 2. d4 d5 3. Nc3 dxe4 4. Nxe4 Nd7 5. Nf3 Ngf6 6. Bd3 Nxe4 7. Bxe4 Nf6 8.
Qe2 Nxe4 9. Qxe4 e6 10. O-O Qd5 11. Qxd5 cxd5 12. Bf4 Be7 13. Rac1 b6 14. c4
dxc4 15. Ne5 Bb7 16. Nxc4 O-O 17. Nd6 Bxd6 18. Bxd6 Rfd8 19. Be5 f6 20. Bg3 Rxd4
21. Rc7 Ba6 22. Rfc1 Rad8 23. h3 R8d7 24. Be5 fxe5 25. R7c6 Kf7 26. Rc7 Ke7 27.
R7c2 h6 1/2-1/2

[Event "AUTO-INT-824"]
[Site "http://www.queenalice.com/game.php?id=367958"]
[Date "2008.3.8"]
[Round "1"]
[White "Bodia"]
[Black "alexandre35"]
[Result "1-0"]
[WhiteElo "1318"]
[BlackElo "1683"]

1. e4 c5 2. Nf3 d6 3. d4 cxd4 4. Nxd4 Nf6 5. Nc3 e5 6. Bb5+ Bd7 7. Bxd7+ Nbxd7
8. Nb3 Be7 9. Nd5 Nxe4 10. Qg4 Ng5 11. Nxe7 1-0

[Event "AUTO-INT-824"]
[Site "http://www.queenalice.com/game.php?id=367973"]
[Date "2008.3.8"]
[Round "1"]
[White "davi21"]
[Black "Bodia"]
[Result "0-1"]
[WhiteElo "1466"]
[BlackElo "1390"]

1. e4 c6 2. d3 d5 3. g3 dxe4 4. dxe4 Qxd1+ 5. Kxd1 e5 6. Nf3 Bg4 7. Be2 Nd7 8.
Ng1 Bxe2+ 9. Nxe2 Bc5 10. Rf1 Ndf6 11. Nbc3 O-O-O+ 12. Bd2 Ng4 13. Rg1 Bxf2 14.
Rg2 Ne3+ 15. Kc1 Nxg2 16. b3 Be3 17. Bxe3 Nxe3 18. Ng1 Ng4 19. Nf3 N4f6 20. Nxe5
Nh6 21. Na4 Nxe4 22. Kb2 f6 23. Nc4 b5 24. Re1 Rhe8 25. Nc3 bxc4 26. Nxe4 Kc7
27. bxc4 f5 0-1

[Event "AUTO-INT-824"]
[Site "http://www.queenalice.com/game.php?id=367974"]
[Date "2008.3.8"]
[Round "1"]
[White "Bodia"]
[Black "davi21"]
[Result "1/2-1/2"]
[WhiteElo "1388"]
[BlackElo "1414"]

1. e4 e5 2. f4 d6 3. d3 Nf6 4. Nf3 Bg4 5. h3 Bxf3 6. Qxf3 Nc6 7. Nc3 Nd4 8. Qf2
Be7 9. fxe5 dxe5 10. Be3 Nc6 11. a3 b6 12. O-O-O a6 13. Qg3 Bf8 14. Be2 b5 15.
Na2 a5 16. Rhf1 Rg8 17. Qh4 h6 18. g4 Be7 19. g5 hxg5 20. Bxg5 Qd4 21. c3 Qd8
22. Bxf6 1/2-1/2

[Event "AUTO-INT-824"]
[Site "http://www.queenalice.com/game.php?id=367985"]
[Date "2008.3.8"]
[Round "1"]
[White "Bodia"]
[Black "BigDog"]
[Result "1-0"]
[WhiteElo "1463"]
[BlackElo "1326"]

1. c3 b5 2. d4 e6 3. e4 Nf6 4. e5 Nd5 5. Bxb5 a6 6. Ba4 g6 7. Nf3 Bg7 8. Bg5 f6
9. exf6 Nxf6 10. Nbd2 O-O 11. Ne4 Bb7 12. Nxf6+ 1-0

[Event "Aberto de Xadrez"]
[Site "http://www.queenalice.com/game.php?id=388140"]
[Date "2008.4.15"]
[Round "1"]
[White "Bodia"]
[Black "paddymalonespub"]
[Result "1/2-1/2"]
[WhiteElo "1479"]
[BlackElo "1701"]

1. e4 e5 2. Nf3 d6 3. d4 Bg4 4. dxe5 dxe5 5. Qxd8+ Kxd8 6. Nxe5 Be6 7. Bc4 Ke7
8. Bxe6 Kxe6 9. Nf3 Nc6 10. O-O Bd6 11. Nc3 Nf6 12. Re1 Rae8 13. Ng5+ Ke7 14.
Nd5+ Kf8 15. Nxf6 gxf6 16. Nf3 Kg7 17. Bd2 b6 18. Nh4 Nd4 19. Nf5+ Nxf5 20. exf5
Rd8 21. Re2 Be5 22. c3 Rhe8 23. Rae1 a5 24. Bf4 c5 25. Bxe5 fxe5 26. h3 f6 27.
f4 Kh6 28. fxe5 Rxe5 29. Rxe5 fxe5 30. Rxe5 Rd6 31. Kf2 Kg5 32. Kf3 Rd2 33. Re2
Rd1 34. b3 Kxf5 35. c4 Rf1+ 36. Rf2 Re1 37. Re2 1/2-1/2

[Event "AUTO-INT-824"]
[Site "http://www.queenalice.com/game.php?id=439443"]
[Date "2008.7.26"]
[Round "2"]
[White "Bodia"]
[Black "alexrs"]
[Result "0-1"]
[WhiteElo "1491"]
[BlackElo "1730"]

1. Nf3 d5 2. g3 Nf6 3. Bg2 e6 4. O-O c5 5. c4 d4 6. d3 Bd7 7. Ne5 a6 8. Nxd7
Qxd7 9. Bd2 Nc6 10. a3 Bd6 0-1

[Event "AUTO-INT-824"]
[Site "http://www.queenalice.com/game.php?id=439445"]
[Date "2008.7.26"]
[Round "2"]
[White "Bodia"]
[Black "scott2770"]
[Result "0-1"]
[WhiteElo "1474"]
[BlackElo "1845"]

1. c3 d5 2. Qa4+ c6 3. d4 Nf6 4. Nf3 Bg4 5. h3 Bxf3 6. exf3 e6 7. Bd3 Bd6 8. O-O
Nbd7 9. Re1 O-O 10. Bg5 Re8 11. Nd2 Bb8 12. Nb3 Qc7 13. g3 Nh5 14. Nc5 Nxc5 15.
dxc5 Nxg3 16. Kg2 Nh5 17. Qg4 Qh2+ 18. Kf1 Ng3+ 19. fxg3 Bxg3 0-1

[Event "AUTO-INT-824"]
[Site "http://www.queenalice.com/game.php?id=439446"]
[Date "2008.7.26"]
[Round "2"]
[White "scott2770"]
[Black "Bodia"]
[Result "1-0"]
[WhiteElo "1843"]
[BlackElo "1475"]

1. e4 c6 2. d4 d5 3. Nc3 dxe4 4. Nxe4 Nd7 5. Nf3 Ngf6 6. Ng3 e6 7. Bf4 Be7 8.
Bd3 h6 9. O-O O-O 10. c3 Nd5 11. Bd2 c5 12. Rc1 cxd4 13. cxd4 a6 14. Re1 b5 15.
Qe2 Bb7 16. Qe4 N7f6 17. Qe2 Rc8 18. Ne4 Nxe4 19. Qxe4 1-0

[Event "Aberto de Xadrez"]
[Site "http://www.queenalice.com/game.php?id=490325"]
[Date "2008.11.8"]
[Round "2"]
[White "SalsaQueen"]
[Black "Bodia"]
[Result "1/2-1/2"]
[WhiteElo "1709"]
[BlackElo "1472"]

1. d4 d5 2. Nc3 Nf6 3. e3 e6 4. a3 c5 5. dxc5 Bxc5 6. Nf3 Nc6 7. Bb5 O-O 8. Bd3
d4 9. exd4 Nxd4 10. Nxd4 Bxd4 11. h3 Bxc3+ 12. bxc3 b6 13. O-O Bb7 14. Bf4 Qd5
15. f3 Qc5+ 16. Kh1 Qxc3 17. Re1 Rad8 18. Re3 Qc5 19. Qf1 Nd5 20. Re4 Nxf4 21.
Rxf4 Rd4 22. Rxd4 Qxd4 23. Rd1 Qc5 24. Ra1 Rd8 1/2-1/2

[Event "Aberto de Xadrez"]
[Site "http://www.queenalice.com/game.php?id=560685"]
[Date "2009.3.24"]
[Round "3"]
[White "Bodia"]
[Black "theblackfox"]
[Result "1-0"]
[WhiteElo "1483"]
[BlackElo "1873"]

1. e4 d5 2. exd5 Qxd5 3. Nc3 Qa5 4. d4 e5 5. dxe5 Qxe5+ 6. Qe2 Qxe2+ 7. Bxe2 Nc6
8. Nf3 Bg4 9. h3 Bh5 10. O-O O-O-O 11. Be3 Nf6 12. Rad1 Bb4 13. Nd4 Bxc3 14.
Nxc6 Bxe2 15. Rxd8+ Rxd8 16. Nxd8 Bxf1 17. bxc3 Kxd8 18. Kxf1 Ne4 19. Bxa7 Nxc3
20. a3 h5 21. Bd4 Nb5 22. Bxg7 Nxa3 23. c3 b5 24. f3 c5 25. g4 hxg4 26. fxg4 b4
27. cxb4 cxb4 28. h4 b3 29. h5 Ke7 30. h6 f6 31. h7 b2 32. Bxf6+ Kxf6 33. h8=Q+
Kg5 34. Qxb2 Nc4 35. Qb5+ Kxg4 36. Qxc4+ Kf5 37. Qc6 Kf4 38. Kf2 Ke5 39. Ke3 Kf5
40. Qd6 Kg5 41. Qe6 Kh4 42. Kf4 Kh5 43. Qd6 Kh4 44. Qh6# 1-0

[Event "Aberto de Xadrez"]
[Site "http://www.queenalice.com/game.php?id=597335"]
[Date "2009.6.2"]
[Round "4"]
[White "zolaweed"]
[Black "Bodia"]
[Result "1-0"]
[WhiteElo "1904"]
[BlackElo "1516"]

1. e4 c6 2. Nc3 d5 3. exd5 cxd5 4. d4 Nf6 5. Bd3 e6 6. Nf3 Nc6 7. O-O Bd6 8. h3
O-O 9. a3 a6 10. Bg5 h6 11. Bh4 g5 12. Bg3 1-0